[Event "USA-chT Amateur East"]
[Site "Parsippany"]
[Date "2001.02.18"]
[Round "4"]
[White "Shulman, Yuri"]
[Black "Shliperman, Igor"]
[Result "1/2-1/2"]
[WhiteElo "2543"]
[BlackElo "2456"]
[PlyCount "58"]
[EventDate "2001.02.17"]
[EventType "team"]
[EventRounds "6"]
[EventCountry "USA"]
[SourceTitle "EXT 2002"]
[Source "ChessBase"]
[SourceDate "2001.11.25"]
[SourceVersion "1"]
[SourceVersionDate "2001.11.25"]
[SourceQuality "1"]

1. d4 Nf6 2. c4 e6 3. Nc3 Bb4 4. e3 c5 5. Nge2 cxd4 6. exd4 d5 7. c5 Ne4 8. Bd2 Nxd2 9. Qxd2 a5 10. a3 Bxc3 11. Nxc3 a4 12. Bd3 b6 13. cxb6 Qxb6 14. 0-0 0-0 15. Bc2 Bd7 16. Rfe1 Nc6 17. Bxa4 Nxd4 18. Bxd7 Nb3 19. Qe2 Nxa1 20. Rxa1 d4 21. Na4 Qd6 22. Bb5 Rfb8 23. b3 d3 24. Bxd3 Rxb3 25. Bxh7+ Kxh7 26. Qe4+ g6 27. Qxa8 Rxa3 28. Rf1 Qb4 29. Qe8 Kg7 1/2-1/2

[Event "Jack Collins Int-B"]
[Site "New York"]
[Date "2000.06.17"]
[Round "5"]
[White "Shliperman, Igor"]
[Black "Burnett, Ronald"]
[Result "0-1"]
[WhiteElo "2467"]
[BlackElo "2437"]
[PlyCount "76"]
[EventDate "2000.06.19"]
[EventType "tourn"]
[EventRounds "5"]
[EventCountry "USA"]
[EventCategory "8"]
[SourceTitle "CBM 076 Extra"]
[Source "ChessBase"]
[SourceDate "2000.07.11"]
[SourceVersion "1"]
[SourceVersionDate "2000.07.11"]
[SourceQuality "1"]

1. e4 c5 2. Nf3 Nc6 3. d4 cxd4 4. Nxd4 Nf6 5. Nc3 d6 6. Bg5 e6 7. Qd2 a6 8. 0-0-0 h6 9. Bxf6 Qxf6 10. Qe3 Qg5 11. f4 Qc5 12. Nce2 Bd7 13. Qd2 Rc8 14. g4 Qa5 15. Nxc6 Qxd2+ 16. Rxd2 Bxc6 17. Bg2 g5 18. h4 gxf4 19. Nxf4 Bg7 20. Rf1 Ke7 21. Nd3 Rh7 22. Rdf2 Bd4 23. Re2 Rg7 24. Bf3 Bf6 25. Rh1 Rcg8 26. Rg2 Bd4 27. Rf1 a5 28. Kd2 e5 29. c3 Bb6 30. Re1 f5 31. g5 hxg5 32. hxg5 Rxg5 33. Rh2 R8g7 34. b4 Rg3 35. Bh1 Bb5 36. Nb2 axb4 37. c4 Bd4 38. Kc2 Bc6 0-1

[Event "Jack Collins Int-B"]
[Site "New York"]
[Date "2000.06.12"]
[Round "1"]
[White "Morrison, William"]
[Black "Shliperman, Igor"]
[Result "1/2-1/2"]
[WhiteElo "2362"]
[BlackElo "2467"]
[PlyCount "75"]
[EventDate "2000.06.19"]
[EventType "tourn"]
[EventRounds "5"]
[EventCountry "USA"]
[EventCategory "8"]
[SourceTitle "CBM 076 Extra"]
[Source "ChessBase"]
[SourceDate "2000.07.11"]
[SourceVersion "1"]
[SourceVersionDate "2000.07.11"]
[SourceQuality "1"]

1. e4 e6 2. d4 d5 3. Nd2 Nf6 4. e5 Nfd7 5. Bd3 c5 6. c3 Nc6 7. Ne2 cxd4 8. cxd4 f6 9. exf6 Nxf6 10. 0-0 Bd6 11. Nf3 Qc7 12. Nc3 a6 13. Bg5 0-0 14. Bh4 Nh5 15. g3 g6 16. Bg5 Qg7 17. Be2 h6 18. Be3 Nf6 19. Nh4 g5 20. Ng2 Ne7 21. f4 Nf5 22. Qd2 Nxe3 23. Qxe3 Bd7 24. Kh1 Rae8 25. Ne1 Ne4 26. Nd3 Nxc3 27. bxc3 Bb5 28. Ne5 Bxe2 29. Qxe2 Bxe5 30. fxe5 Qg6 31. Kg2 Rc8 32. Rxf8+ Rxf8 33. Rf1 Rxf1 34. Kxf1 b5 35. Kg2 Kf7 36. Qf2+ Ke7 37. Qb2 Qe4+ 38. Kg1 1/2-1/2

[Event "USA-chT Amateur East"]
[Site "Parsippany"]
[Date "2000.03.21"]
[Round "6"]
[White "Shliperman, Igor"]
[Black "Benjamin, Joel"]
[Result "1/2-1/2"]
[WhiteElo "2467"]
[BlackElo "2591"]
[PlyCount "109"]
[EventDate "2000.03.19"]
[EventType "team"]
[EventRounds "6"]
[EventCountry "USA"]
[SourceTitle "EXT 2001"]
[Source "ChessBase"]
[SourceDate "2000.11.22"]
[SourceVersion "1"]
[SourceVersionDate "2000.11.22"]
[SourceQuality "1"]

1. d4 d6 2. Nf3 Bg4 3. e4 Nf6 4. h3 Bh5 5. Nbd2 e6 6. Bd3 d5 7. c3 dxe4 8. Nxe4 Nbd7 9. Nxf6+ gxf6 10. g4 Bg6 11. Bf4 Nb6 12. Qe2 Qd7 13. 0-0-0 0-0-0 14. Kb1 Qc6 15. Bc1 Be7 16. Rhg1 Rd5 17. Nh4 Bxd3+ 18. Rxd3 h5 19. Nf5 Bf8 20. Ne3 Ra5 21. Nf1 hxg4 22. hxg4 Nd5 23. Qc2 Qa6 24. a3 Nb6 25. Rf3 Be7 26. Ne3 Qb5 27. c4 Qc6 28. Rf4 Nd7 29. c5 Rb5 30. Rd1 Kb8 31. Ka2 Rd8 32. Qe4 Qa6 33. Qc2 Qc6 34. Qe4 Qxe4 35. Rxe4 b6 36. c6 Nf8 37. d5 Bd6 38. b4 exd5 39. Rxd5 Rxd5 40. Nxd5 Be5 41. Ne3 Ne6 42. Nc4 Rd4 43. Rxd4 Bxd4 44. f4 b5 45. Na5 a6 46. Nb3 Bf2 47. f5 Nd8 48. Bb2 Nxc6 49. Bxf6 Kc8 50. g5 Kd7 51. Nc5+ Bxc5 52. bxc5 Na5 53. g6 fxg6 54. fxg6 Ke6 55. Bd8 1/2-1/2

[Event "USA-ch Gr-A"]
[Site "Salt Lake City"]
[Date "1999.08.30"]
[Round "7"]
[White "Yermolinsky, Alex"]
[Black "Shliperman, Igor"]
[Result "1/2-1/2"]
[WhiteElo "2588"]
[BlackElo "2466"]
[PlyCount "39"]
[EventDate "1999.08.05"]
[EventType "tourn"]
[EventRounds "7"]
[EventCountry "USA"]
[EventCategory "13"]
[SourceTitle "CBM 073"]
[Source "ChessBase"]
[SourceDate "1999.12.01"]
[SourceVersion "1"]
[SourceVersionDate "1999.12.01"]
[SourceQuality "1"]

1. d4 e6 2. c4 Nf6 3. Nf3 c5 4. d5 exd5 5. cxd5 d6 6. e4 g6 7. Bd3 Bg7 8. 0-0 0-0 9. h3 b5 10. Re1 c4 11. Bc2 Re8 12. a3 Na6 13. Nc3 Nc5 14. Bg5 Qb6 15. Be3 Bd7 16. Nd2 Rac8 17. Qf3 h6 18. Bd4 Qd8 19. b4 cxb3 20. Nxb3 1/2-1/2

[Event "USA-ch Gr-A"]
[Site "Salt Lake City"]
[Date "1999.08.28"]
[Round "5"]
[White "Gulko, Boris F"]
[Black "Shliperman, Igor"]
[Result "1-0"]
[WhiteElo "2466"]
[BlackElo "2618"]
[PlyCount "75"]
[EventDate "1999.08.05"]
[EventType "tourn"]
[EventRounds "7"]
[EventCountry "USA"]
[EventCategory "13"]
[SourceTitle "CBM 073"]
[Source "ChessBase"]
[SourceDate "1999.12.01"]
[SourceVersion "1"]
[SourceVersionDate "1999.12.01"]
[SourceQuality "1"]

1. Nf3 Nf6 2. c4 e6 3. Nc3 Bb4 4. e3 0-0 5. Be2 b6 6. 0-0 Bb7 7. a3 Be7 8. d4 d5 9. cxd5 Nxd5 10. Qc2 Nd7 11. Bd3 Nxc3 12. bxc3 h6 13. e4 c5 14. Bf4 Rc8 15. Qd2 Nf6 16. Rfe1 Nh7 17. d5 exd5 18. exd5 Ng5 19. Bf5 Nxf3+ 20. gxf3 Ra8 21. d6 Bg5 22. Bxg5 Qxg5+ 23. Qxg5 hxg5 24. Kg2 g6 25. Re7 gxf5 26. Rxb7 Rfb8 27. Rc7 Rc8 28. Rd1 Kg7 29. f4 g4 30. Re7 Re8 31. f3 Kf6 32. Rxe8 Rxe8 33. fxg4 fxg4 34. Kg3 Ke6 35. Re1+ Kd7 36. Rxe8 Kxe8 37. Kxg4 b5 38. h4 1-0

[Event "USA-ch Gr-A"]
[Site "Salt Lake City"]
[Date "1999.08.23"]
[Round "1"]
[White "Shliperman, Igor"]
[Black "Fedorowicz, John P"]
[Result "1/2-1/2"]
[WhiteElo "2466"]
[BlackElo "2565"]
[PlyCount "102"]
[EventDate "1999.08.05"]
[EventType "tourn"]
[EventRounds "7"]
[EventCountry "USA"]
[EventCategory "13"]
[SourceTitle "CBM 073"]
[Source "ChessBase"]
[SourceDate "1999.12.01"]
[SourceVersion "1"]
[SourceVersionDate "1999.12.01"]
[SourceQuality "1"]

1. e4 g6 2. d4 Bg7 3. Nc3 d6 4. Bc4 Nc6 5. d5 Ne5 6. Be2 Nf6 7. f4 Ned7 8. Nf3 0-0 9. Be3 c6 10. 0-0 Nb6 11. a4 a5 12. Kh1 Bd7 13. Ra3 cxd5 14. exd5 Rc8 15. Bd4 Bh6 16. Bxb6 Qxb6 17. Rb3 Qc5 18. Nd4 Nxd5 19. Nxd5 Qxd5 20. Bf3 Qc5 21. Rxb7 Rfd8 22. f5 Bg5 23. c3 Bf6 24. fxg6 hxg6 25. Bg4 Bxg4 26. Qxg4 Qc4 27. Qf3 Rc5 28. Re1 Re5 29. Ra1 Rc8 30. h3 Kg7 31. Rf1 Re3 32. Qf4 Re4 33. Qf3 Re3 34. Qf4 Rc5 35. Rb5 Qd3 36. Rxc5 dxc5 37. Nb3 g5 38. Qf5 Qxf5 39. Rxf5 Re1+ 40. Kh2 Be5+ 41. g3 Re2+ 42. Kg1 f6 43. Rf2 Re3 44. g4 Rg3+ 45. Rg2 Rxh3 46. Nxa5 Rd3 47. Nc4 Rd1+ 48. Kf2 Ra1 49. a5 Bc7 50. Rg1 Ra4 51. Re1 Kf8 1/2-1/2

[Event "Manhattan March Int"]
[Site "New York"]
[Date "1999.03.06"]
[Round "2"]
[White "Fedorowicz, John P"]
[Black "Shliperman, Igor"]
[Result "1-0"]
[WhiteElo "2574"]
[BlackElo "2442"]
[PlyCount "60"]
[EventDate "1999.03.05"]
[EventType "tourn"]
[EventRounds "9"]
[EventCountry "USA"]
[EventCategory "10"]
[SourceTitle "CBM 070"]
[Source "ChessBase"]
[SourceDate "1999.06.08"]
[SourceVersion "1"]
[SourceVersionDate "1999.06.08"]
[SourceQuality "1"]

1. d4 Nf6 2. Nf3 e6 3. c4 d5 4. Nc3 Be7 5. Bf4 0-0 6. e3 b6 7. cxd5 exd5 8. Bd3 Bb7 9. Ne5 c5 10. Rc1 Nbd7 11. 0-0 a6 12. Qf3 Re8 13. Rfd1 cxd4 14. exd4 Nf8 15. Ne2 Bd6 16. Bg5 Bxe5 17. dxe5 Rxe5 18. Bf4 Re7 19. Nd4 Rc8 20. Rxc8 Qxc8 21. Bg5 N8d7 22. Nf5 Re6 23. Qg3 g6 24. h3 Qe8 25. Nd6 Qb8 26. Nxb7 Qxb7 27. Bf5 Nh5 28. Qh4 Re5 29. Bxd7 Qxd7 30. Be3 Re4 1-0

[Event "World op 26th"]
[Site "Philadelphia"]
[Date "1998.06.30"]
[Round "4"]
[White "Shliperman, Igor"]
[Black "Glinert, Stephen"]
[Result "1-0"]
[WhiteElo "2425"]
[BlackElo "2180"]
[PlyCount "55"]
[EventDate "1998.06.27"]
[EventType "swiss"]
[EventRounds "9"]
[EventCountry "USA"]
[SourceTitle "EXT 1999"]
[Source "ChessBase"]
[SourceDate "1998.11.16"]
[SourceVersion "1"]
[SourceVersionDate "1998.11.16"]
[SourceQuality "1"]

1. d4 Nf6 2. c4 e6 3. Nc3 d5 4. Bg5 Be7 5. e3 h6 6. Bxf6 Bxf6 7. Nf3 0-0 8. Qc2 b6 9. 0-0-0 Bb7 10. cxd5 exd5 11. h4 c5 12. dxc5 bxc5 13. Nxd5 Bxd5 14. Bc4 Nd7 15. Rxd5 Rb8 16. b3 Qc7 17. Ng5 Rfe8 18. Nxf7 Kf8 19. Ng5 Ne5 20. Nh7+ Ke7 21. Nxf6 Kxf6 22. h5 Rbd8 23. f4 Rxd5 24. Bxd5 Nd7 25. Qg6+ Ke7 26. Rd1 Kd8 27. Bc6 Re7 28. Qd6 1-0

[Event "New York op"]
[Site "New York"]
[Date "1998.03.19"]
[Round "6"]
[White "Benjamin, Joel"]
[Black "Shliperman, Igor"]
[Result "1/2-1/2"]
[WhiteElo "2595"]
[BlackElo "2425"]
[PlyCount "128"]
[EventDate "1998.03.16"]
[EventType "swiss"]
[EventRounds "9"]
[EventCountry "USA"]
[SourceTitle "CBM 064"]
[Source "ChessBase"]
[SourceDate "1998.06.02"]
[SourceVersion "1"]
[SourceVersionDate "1998.06.02"]
[SourceQuality "1"]

1. d4 Nf6 2. Bg5 e6 3. e4 h6 4. Bxf6 Qxf6 5. Qd2 e5 6. Nc3 Bb4 7. dxe5 Qxe5 8. Nge2 d6 9. f4 Qf6 10. Ng3 Nc6 11. Bd3 h5 12. Nge2 Bg4 13. a3 Bxe2 14. Bxe2 Ba5 15. Rd1 Bb6 16. Na4 0-0-0 17. Nxb6+ axb6 18. c3 Qh4+ 19. g3 Qe7 20. Qd5 h4 21. Kf2 Rh6 22. Bf3 Rdh8 23. a4 f6 24. b4 g5 25. a5 hxg3+ 26. hxg3 bxa5 27. bxa5 Rxh1 28. Rxh1 Rxh1 29. Bxh1 gxf4 30. gxf4 Qh7 31. Bg2 Nd8 32. Kg3 Qg7+ 33. Kh2 Qh6+ 34. Bh3+ Kb8 35. Kg3 Ka7 36. Qd4+ Kb8 37. Qd5 Ka7 38. Qg8 Nc6 39. Qf7 Kb8 40. Qe8+ Ka7 41. Qe6 Kb8 42. a6 Qh8 43. axb7 Nd8 44. Qd7 Nxb7 45. Be6 Qh1 46. Qe8+ Ka7 47. Bd5 f5 48. Qa4+ Kb8 49. Qb5 Qe1+ 50. Kg2 Qd2+ 51. Kh3 Qe3+ 52. Kh4 Qxf4+ 53. Kh5 Qg4+ 54. Kh6 Qh4+ 55. Kg6 Qg4+ 56. Kf6 Qh4+ 57. Kxf5 Qh5+ 58. Kf4 Qe5+ 59. Kg4 Qg7+ 60. Kf5 Qe5+ 61. Kg6 Qg3+ 62. Kf7 Qf4+ 63. Ke8 Qe5+ 64. Kf7 Qf4+ 1/2-1/2

[Event "USA-ch U20"]
[Site "New York"]
[Date "1998.??.??"]
[Round "5"]
[White "Ippolito, Dean"]
[Black "Shliperman, Igor"]
[Result "1/2-1/2"]
[WhiteElo "2435"]
[BlackElo "2425"]
[PlyCount "21"]
[EventDate "1998.07.??"]
[EventType "tourn"]
[EventRounds "9"]
[EventCountry "USA"]
[EventCategory "3"]
[SourceTitle "EXT 1999"]
[Source "ChessBase"]
[SourceDate "1998.11.16"]
[SourceVersion "1"]
[SourceVersionDate "1998.11.16"]
[SourceQuality "1"]

1. d4 Nf6 2. c4 c5 3. d5 e5 4. Nc3 d6 5. e4 Be7 6. Bd3 Nbd7 7. Nge2 a6 8. h3 h5 9. Be3 h4 10. Qd2 Ng8 11. a3 1/2-1/2

[Event "USA-ch U20"]
[Site "New York"]
[Date "1998.??.??"]
[Round "1"]
[White "Perelshteyn, Eugene"]
[Black "Shliperman, Igor"]
[Result "1/2-1/2"]
[WhiteElo "2375"]
[BlackElo "2425"]
[PlyCount "48"]
[EventDate "1998.07.??"]
[EventType "tourn"]
[EventRounds "9"]
[EventCountry "USA"]
[EventCategory "3"]
[SourceTitle "EXT 1999"]
[Source "ChessBase"]
[SourceDate "1998.11.16"]
[SourceVersion "1"]
[SourceVersionDate "1998.11.16"]
[SourceQuality "1"]

1. e4 e6 2. Nc3 d5 3. d4 Nf6 4. Bg5 Be7 5. e5 Nfd7 6. Bxe7 Qxe7 7. f4 0-0 8. Nf3 c5 9. Qd2 Nc6 10. 0-0-0 f6 11. exf6 Rxf6 12. g3 cxd4 13. Nb5 Nb6 14. Bd3 Bd7 15. Nbxd4 Rc8 16. Rhe1 Qd6 17. Kb1 Na4 18. c3 Nc5 19. Bc2 a5 20. Ne5 Be8 21. Re3 a4 22. Rde1 Na5 23. g4 g6 24. Rh3 Nc4 1/2-1/2

[Event "Wch U18"]
[Site "Yerevan"]
[Date "1997.10.02"]
[Round "11"]
[White "Shliperman, Igor"]
[Black "Mallahi, Amir"]
[Result "1-0"]
[WhiteElo "2410"]
[BlackElo "2315"]
[PlyCount "85"]
[EventDate "1997.09.21"]
[EventType "swiss"]
[EventRounds "11"]
[EventCountry "ARM"]
[SourceTitle "EXT 2008"]
[Source "ChessBase"]
[SourceDate "2007.11.25"]
[SourceVersion "1"]
[SourceVersionDate "2007.11.25"]
[SourceQuality "1"]

1. d4 d5 2. c4 e6 3. Nc3 c5 4. e3 Nf6 5. Nf3 Nc6 6. a3 cxd4 7. exd4 Be7 8. c5 Ne4 9. Qc2 f5 10. Bb5 0-0 11. 0-0 Bf6 12. Bxc6 bxc6 13. Rd1 g5 14. Ne1 Qe7 15. Ne2 g4 16. Bf4 Ba6 17. Nd3 Bxd3 18. Rxd3 e5 19. dxe5 Bxe5 20. Rc1 Rae8 21. g3 Bxf4 22. Nxf4 Ng5 23. Re3 Qf6 24. b4 Nf3+ 25. Kg2 Qh6 26. h3 Nh4+ 27. Kh1 Re4 28. Qd1 Nf3 29. Rxf3 gxf3 30. Qxf3 d4 31. b5 Rd8 32. b6 axb6 33. Qb3+ Kh8 34. cxb6 Qd6 35. b7 Ree8 36. Qb6 Qe5 37. Rxc6 Qe4+ 38. Kh2 d3 39. Qb2+ Kg8 40. Rc7 Qd4 41. Qxd4 Rxd4 42. Rc8 Rdd8 43. b8Q 1-0

[Event "World op 25th"]
[Site "Philadelphia"]
[Date "1997.??.??"]
[Round "2"]
[White "Schneider, Dmitry"]
[Black "Shliperman, Igor"]
[Result "1-0"]
[WhiteElo "2255"]
[BlackElo "2410"]
[PlyCount "114"]
[EventDate "1997.06.28"]
[EventType "swiss"]
[EventRounds "9"]
[EventCountry "USA"]
[SourceTitle "EXT 2000"]
[Source "ChessBase"]
[SourceDate "1999.11.16"]
[SourceVersion "1"]
[SourceVersionDate "1999.11.16"]
[SourceQuality "1"]

1. e4 d5 2. exd5 Nf6 3. d4 Nxd5 4. c4 Nb6 5. Nc3 e5 6. d5 c6 7. Be3 Bb4 8. Qb3 Qe7 9. a3 Bc5 10. Bxc5 Qxc5 11. Nf3 0-0 12. Qb4 Qxb4 13. axb4 Na6 14. b5 Nb4 15. 0-0-0 Bg4 16. d6 Rac8 17. bxc6 Nxc6 18. Be2 Rfd8 19. b3 Bxf3 20. Bxf3 Nd4 21. Kb2 Rxd6 22. Nb5 Nxb5 23. cxb5 Rxd1 24. Rxd1 Kf8 25. Bxb7 Rc7 26. Bc6 Ke7 27. Kc3 f5 28. Kb4 Nc8 29. Kc5 Ke6 30. Rd8 e4 31. h3 Ne7 32. Rd4 Ke5 33. Ra4 Nd5 34. g3 g5 35. Rd4 Ne7 36. Ra4 h6 37. g4 Nxc6 38. bxc6 f4 39. b4 e3 40. fxe3 fxe3 41. b5 Rf7 42. Ra1 Ke4 43. Kd6 e2 44. Re1 Kd3 45. c7 Rf8 46. Kd7 Kd2 47. Rxe2+ Kxe2 48. c8Q Rxc8 49. Kxc8 Kd3 50. Kb7 Kc4 51. Ka6 Kb4 52. b6 axb6 53. Kxb6 Kc4 54. Kc6 Kd4 55. Kd6 Ke4 56. Ke6 Kf4 57. Kf6 Kg3 1-0

[Event "USA-ch U18"]
[Site "Bloomington"]
[Date "1997.??.??"]
[Round "6"]
[White "Shahade, Gregory P"]
[Black "Shliperman, Igor"]
[Result "1-0"]
[WhiteElo "2325"]
[BlackElo "2395"]
[PlyCount "89"]
[EventDate "1997.??.??"]
[EventType "tourn"]
[EventRounds "9"]
[EventCountry "USA"]
[EventCategory "3"]
[SourceTitle "EXT 2001"]
[Source "ChessBase"]
[SourceDate "2000.11.22"]
[SourceVersion "1"]
[SourceVersionDate "2000.11.22"]
[SourceQuality "1"]

1. e4 e6 2. d4 d5 3. Nd2 Nf6 4. e5 Nfd7 5. Bd3 c5 6. c3 Nc6 7. Ne2 cxd4 8. cxd4 f6 9. exf6 Nxf6 10. Nf3 Qc7 11. 0-0 Bd6 12. Bg5 0-0 13. Bh4 e5 14. dxe5 Nxe5 15. Nxe5 Bxe5 16. Bg3 Bxg3 17. Nxg3 Qf4 18. Qb3 Kh8 19. Ne2 Qh4 20. h3 Bd7 21. Qxb7 Bxh3 22. gxh3 Qxh3 23. f3 Ne4 24. Bxe4 dxe4 25. Qxe4 Rfe8 26. Qd5 Rad8 27. Qg5 h6 28. Qg3 Qf5 29. Rf2 Qc5 30. Nc3 Rd3 31. Ne4 Qe3 32. Qg6 Re5 33. Kf1 Rdd5 34. Qa6 Rh5 35. Ng3 Rhe5 36. Ne4 Rh5 37. Ng3 Rhe5 38. Qc8+ Re8 39. Qc6 Rc5 40. Qd7 Rcc8 41. Rd1 Qg5 42. Qg4 Qb5+ 43. Kg2 Rc5 44. Qd7 Qb8 45. Rd4 1-0

[Event "World op 25th"]
[Site "Philadelphia"]
[Date "1997.??.??"]
[Round "5"]
[White "Shliperman, Igor"]
[Black "Karklins, Andrew"]
[Result "1-0"]
[WhiteElo "2410"]
[BlackElo "2355"]
[PlyCount "69"]
[EventDate "1997.06.28"]
[EventType "swiss"]
[EventRounds "9"]
[EventCountry "USA"]
[SourceTitle "EXT 2000"]
[Source "ChessBase"]
[SourceDate "1999.11.16"]
[SourceVersion "1"]
[SourceVersionDate "1999.11.16"]
[SourceQuality "1"]

1. e4 c5 2. Nf3 Nc6 3. Bb5 e5 4. 0-0 Nge7 5. a4 g6 6. Re1 Bg7 7. Nc3 0-0 8. Nd5 Nxd5 9. exd5 Ne7 10. Nxe5 d6 11. Nf3 Nxd5 12. d4 Bg4 13. h3 Bxf3 14. Qxf3 Nb4 15. Qb3 a6 16. Bf1 Nc6 17. dxc5 Nd4 18. Qd3 dxc5 19. Be3 c4 20. Qd1 Rc8 21. c3 Nb3 22. Ra3 b5 23. axb5 axb5 24. Ra7 Qxd1 25. Rxd1 b4 26. Ra4 bxc3 27. bxc3 Bxc3 28. Bxc4 Nc5 29. Ra7 Ne4 30. Ba2 Be5 31. Rdd7 Rfd8 32. Bxf7+ Kh8 33. g3 Rxd7 34. Rxd7 Rc7 35. Rxc7 1-0

[Event "Wch U18"]
[Site "Menorca"]
[Date "1996.??.??"]
[Round "6"]
[White "Shliperman, Igor"]
[Black "Filipek, Jakub"]
[Result "0-1"]
[WhiteElo "2400"]
[BlackElo "2275"]
[PlyCount "126"]
[EventDate "1996.??.??"]
[EventType "swiss"]
[EventRounds "11"]
[EventCountry "ESP"]
[SourceTitle "Juniors"]
[Source "ChessBase"]
[SourceDate "1999.07.01"]
[SourceVersion "1"]
[SourceVersionDate "1999.07.01"]
[SourceQuality "1"]

1. e4 e5 2. Nf3 Nc6 3. Bb5 a6 4. Ba4 Nf6 5. d4 exd4 6. 0-0 Be7 7. Re1 b5 8. e5 Nxe5 9. Rxe5 bxa4 10. Nxd4 0-0 11. Nc3 Bb7 12. Nf5 Re8 13. Bg5 Bf8 14. Rxe8 Qxe8 15. Bxf6 Qe6 16. Bxg7 Qxf5 17. Bxf8 Rxf8 18. Qd3 Qxd3 19. cxd3 Bc6 20. Rd1 Rb8 21. Rd2 Rb4 22. d4 a3 23. b3 a5 24. f3 d6 25. Kf2 f5 26. Ke3 Kf7 27. g3 a4 28. d5 axb3 29. dxc6 b2 30. Nb1 Rc4 31. Ke2 Rc1 32. Rd1 Rc2+ 33. Kd3 Rxh2 34. Nxa3 Rg2 35. Nb5 Rxg3 36. Ke3 Rg2 37. Nd4 f4+ 38. Kd3 h5 39. Ne2 Rf2 40. Ng1 h4 41. Ke4 Rc2 42. Rb1 Rc1 43. Rxb2 Rxg1 44. Rh2 Rc1 45. Rxh4 Rxc6 46. Rxf4+ Ke6 47. Kd3 Ra6 48. a4 c5 49. Kc3 Ra8 50. Rh4 Kd5 51. Kb3 Rf8 52. f4 Rb8+ 53. Ka3 c4 54. f5 Rb3+ 55. Ka2 Rf3 56. Rh5 Kc5 57. f6+ d5 58. Rh6 Kb4 59. a5 Rf2+ 60. Kb1 Kb3 61. Rh1 Rxf6 62. Rd1 c3 63. Kc1 Rf2 0-1

[Event "Marshall CC int prel"]
[Site "New York"]
[Date "1995.??.??"]
[Round "2"]
[White "Ariel, Donny"]
[Black "Shliperman, Igor"]
[Result "0-1"]
[WhiteElo "2270"]
[BlackElo "2350"]
[PlyCount "112"]
[EventDate "1995.08.??"]
[EventType "tourn"]
[EventRounds "5"]
[EventCountry "USA"]
[SourceTitle "EXT 2002"]
[Source "ChessBase"]
[SourceDate "2001.11.25"]
[SourceVersion "1"]
[SourceVersionDate "2001.11.25"]
[SourceQuality "1"]

1. e4 e5 2. Nf3 Nc6 3. Bb5 f5 4. Nc3 fxe4 5. Nxe4 Nf6 6. Qe2 d5 7. Nxf6+ gxf6 8. d4 Bg7 9. dxe5 0-0 10. Bxc6 bxc6 11. e6 Re8 12. Be3 Bxe6 13. Nd4 Qd6 14. 0-0 c5 15. Nxe6 Qxe6 16. Qh5 Bf8 17. Rae1 Qf7 18. Qxf7+ Kxf7 19. b3 Re6 20. f3 Ra6 21. a4 Rb8 22. Rd1 d4 23. Bf2 Bd6 24. Rb1 Rb4 25. Be1 Rb8 26. Bf2 f5 27. Rfd1 Be5 28. Re1 Bf6 29. Bg3 Rc6 30. Kf1 Rb4 31. Red1 c4 32. Be1 Rb8 33. bxc4 Rxb1 34. Rxb1 Rxc4 35. Rb7 Rxc2 36. Bg3 d3 37. Rxc7+ Rxc7 38. Bxc7 Ke6 39. Ke1 Kd5 40. g4 Bc3+ 41. Kd1 fxg4 42. fxg4 Ke4 43. Bg3 Kf3 44. g5 Kg4 45. Bf2 a6 46. h4 Bb4 47. Bd4 Kxh4 48. Bf6 Kg4 49. Bd8 a5 50. Bf6 Kf4 51. Bd8 Ke4 52. Kc1 Kd4 53. Bf6+ Kc4 54. Kb2 Ba3+ 55. Kb1 Kb3 56. g6 d2 0-1

[Event "Marshall CC int prel"]
[Site "New York"]
[Date "1995.??.??"]
[Round "4"]
[White "Klein, Erez"]
[Black "Shliperman, Igor"]
[Result "0-1"]
[WhiteElo "2380"]
[BlackElo "2350"]
[PlyCount "48"]
[EventDate "1995.08.??"]
[EventType "tourn"]
[EventRounds "5"]
[EventCountry "USA"]
[SourceTitle "EXT 2002"]
[Source "ChessBase"]
[SourceDate "2001.11.25"]
[SourceVersion "1"]
[SourceVersionDate "2001.11.25"]
[SourceQuality "1"]

1. d4 Nf6 2. c4 e6 3. Nc3 Bb4 4. Qc2 d5 5. Bg5 dxc4 6. Nf3 b5 7. e4 h6 8. Bh4 g5 9. Bg3 Bb7 10. e5 Ne4 11. a3 Ba5 12. 0-0-0 Nxc3 13. bxc3 Qe7 14. Qb2 Nd7 15. Nd2 Bc6 16. Be2 a6 17. Bf3 Bxf3 18. gxf3 Nb6 19. Ne4 Na4 20. Qa1 0-0-0 21. Rhe1 Kb8 22. f4 c5 23. dxc5 Rxd1+ 24. Rxd1 gxf4 0-1

[Event "Wch U18"]
[Site "Guarapuava"]
[Date "1995.??.??"]
[Round "2"]
[White "Ruck, Robert"]
[Black "Shliperman, Igor"]
[Result "1/2-1/2"]
[WhiteElo "2480"]
[BlackElo "2350"]
[PlyCount "73"]
[EventDate "1995.??.??"]
[EventType "swiss"]
[EventRounds "11"]
[EventCountry "BRA"]
[SourceTitle "Juniors"]
[Source "ChessBase"]
[SourceDate "1999.07.01"]
[SourceVersion "1"]
[SourceVersionDate "1999.07.01"]
[SourceQuality "1"]

1. c4 e5 2. g3 Nc6 3. Bg2 Nf6 4. Nc3 Bb4 5. Nd5 Be7 6. d3 0-0 7. Nf3 d6 8. Nxe7+ Qxe7 9. 0-0 Nd7 10. b3 f5 11. Bb2 Nf6 12. Qd2 Bd7 13. b4 Nd8 14. Qc3 Nf7 15. e3 c6 16. Nd2 Rae8 17. Rae1 Qd8 18. f4 Re7 19. e4 Nh6 20. c5 dxc5 21. fxe5 Nfg4 22. Qxc5 fxe4 23. Nxe4 b6 24. Qc4+ Be6 25. Qxc6 Rxf1+ 26. Rxf1 Bxa2 27. Qd6 Qe8 28. Ng5 Ne3 29. Rf3 Nhf5 30. Rxf5 Nxf5 31. Qc6 Qxc6 32. Bxc6 Rc7 33. Be4 g6 34. Nh3 Rc2 35. Ba3 Rc3 36. Bb2 Rc2 37. Ba3 1/2-1/2

[Event "USA-ch U18"]
[Site "Washington DC"]
[Date "1995.??.??"]
[Round "1"]
[White "Shliperman, Igor"]
[Black "Frenklakh, Valery"]
[Result "1-0"]
[WhiteElo "2320"]
[BlackElo "2320"]
[PlyCount "71"]
[EventDate "1995.??.??"]
[EventType "tourn"]
[EventRounds "7"]
[EventCountry "USA"]
[EventCategory "1"]
[SourceTitle "EXT 1997"]
[Source "ChessBase"]
[SourceDate "1996.11.15"]
[SourceVersion "1"]
[SourceVersionDate "1996.11.15"]
[SourceQuality "1"]

1. e4 c6 2. Nc3 d5 3. d4 dxe4 4. Nxe4 Nf6 5. Nxf6+ gxf6 6. Nf3 Bf5 7. Be2 Qc7 8. 0-0 Nd7 9. c4 e6 10. Be3 0-0-0 11. Qa4 Kb8 12. b4 Nb6 13. Qb3 h5 14. a4 Bh6 15. b5 Bxe3 16. Qxe3 h4 17. Rfc1 Rdg8 18. Bf1 Rg4 19. a5 Nd7 20. c5 Rhg8 21. d5 exd5 22. bxc6 bxc6 23. Nd4 Bh7 24. f3 R4g5 25. Ra2 h3 26. g3 Ka8 27. Bxh3 Ne5 28. Re1 Nc4 29. Qe8+ Rxe8 30. Rxe8+ Qb8 31. Rxb8+ Kxb8 32. Nxc6+ Ka8 33. a6 Rg8 34. Re2 Na3 35. Re7 Nb5 36. Bf1 1-0